| 000 | 00886pam a2200265 i 4500 | ||
|---|---|---|---|
| 001 | 016429814 | ||
| 003 | OSt | ||
| 005 | 20150330131910.0 | ||
| 008 | 130425s2013 enka b 001 0 eng|d | ||
| 020 | _a9781780670553 (pbk.) | ||
| 040 |
_aStDuBDS _cStDuBDS _dUk _dEG-ScBUE |
||
| 082 | 0 | 0 |
_a624.1023 _222 _bSIL |
| 100 | 1 |
_aSilver, Pete _c(Architect) _937546 |
|
| 245 | 1 | 0 |
_aStructural engineering for architects : _ba handbook / _cPete Silver, Will McLean, Peter Evans. |
| 260 |
_aLondon : _bLaurence King Publishing, _c2013. |
||
| 300 |
_a208 p. : _bphotographs ; _c28 cm. |
||
| 500 | _aIndex : p. 204-207. | ||
| 504 | _aBibliography : p. 202-203. | ||
| 650 | 0 |
_aStructural engineering. _95305 |
|
| 653 |
_bENGARC _bENGGEN _cMarch2015 |
||
| 655 |
_vreading book _934232 |
||
| 700 | 1 |
_aMcLean, William _q(William F.) _937547 |
|
| 700 | 1 |
_aEvans, Peter. _937548 |
|
| 942 |
_2ddc _k624.1023 SIL |
||
| 999 |
_c19139 _d19111 |
||